Nghiên cứu khả năng nuôi cua lột (Scylla SP) trong hệ thống tuần hoàn : Báo cáo khoa học đề tài cấp trường
Đề tài là công trình nghiên cứu cấp trường trong việc nuôi cua lột (Scylla SP) trong hệ thống tuần hoàn.
Tallennettuna:
| Päätekijä: | |
|---|---|
| Aineistotyyppi: | Kirja |
| Kieli: | Undetermined |
| Julkaistu: |
Cần Thơ
Trường Đại học Cần Thơ
2005
|
| Aiheet: | |
| Tagit: |
Lisää tagi
Ei tageja, Lisää ensimmäinen tagi!
|
| Thư viện lưu trữ: | Trung tâm Học liệu Trường Đại học Cần Thơ |
|---|
| LEADER | 00965nam a2200205Ia 4500 | ||
|---|---|---|---|
| 001 | CTU_161128 | ||
| 008 | 210402s9999 xx 000 0 und d | ||
| 082 | |a 639.6 | ||
| 082 | |b H103 | ||
| 100 | |a Trần, Ngọc Hải | ||
| 245 | 0 | |a Nghiên cứu khả năng nuôi cua lột (Scylla SP) trong hệ thống tuần hoàn : | |
| 245 | 0 | |b Báo cáo khoa học đề tài cấp trường | |
| 245 | 0 | |c Chủ nhiệm đề tài: Trần Ngọc Hải ; Cán bộ tham gia: Nguyễn Thanh Phương, Phạm Minh Đức, Trần Minh Nhựt | |
| 260 | |a Cần Thơ | ||
| 260 | |b Trường Đại học Cần Thơ | ||
| 260 | |c 2005 | ||
| 520 | |a Đề tài là công trình nghiên cứu cấp trường trong việc nuôi cua lột (Scylla SP) trong hệ thống tuần hoàn. | ||
| 650 | |a Fish culture,Crabs | ||
| 904 | |i Giang | ||
| 980 | |a Trung tâm Học liệu Trường Đại học Cần Thơ | ||